000 00561nam a2200193 a 4500
003 BD-DhJNU
005 20251104045213.0
008 251001s2006 ii a b 001 0 eng
020 _a9781844571369
040 _aBD-DhJNU
_bENG
_cBD-DhJNU
_dBD-DhJNU
082 0 0 _a791.436 WHH
_223
100 1 _aWheeler, Mark
245 1 0 _aHollywood :
_bpolitics and society /
_cMark Wheeler
260 _aLondon :
_bBFI,
_c2006.
300 _a188 p. :
_bill. ;
_c25 cm.
504 _aIncludes bibliographical references and index.
650 0 _aElectric circuits.
942 _cBK
999 _c2336
_d2336